Aston Villa Current Squad (24/25) - Statistics

General Stats
  • This quiz has been taken 17 times
    13 since last reset
  • The average score is 20 of 25
Answer Stats
Answer % Correct
Emiliano Martínez
100%
Lucas Digne
100%
Matty Cash
100%
Ezri Konsa
90%
John McGinn
90%
Marco Asensio
90%
Marcus Rashford
90%
Morgan Rogers
90%
Ollie Watkins
90%
Pau Torres
90%
Robin Olsen
90%
Youri Tielemans
90%
Boubacar Kamara
80%
Jacob Ramsey
80%
Leon Bailey
80%
Ross Barkley
80%
Tyrone Mings
80%
Unai Emery
80%
Donyell Malen
70%
Ian Maatsen
70%
Amadou Onana
60%
Andrés García
60%
Axel Disasi
60%
Kortney Hause
60%
Lamare Bogarde
60%
No matching quizzes found
Score Distribution
Percent of People with Each Score
Percentile by Number Answered
Your Score History
You have not taken this quiz since the last reset